[Event "Rubinstein mem"]
[Site "Polanica Zdroj"]
[Date "1997.08.21"]
[Round "3"]
[White "Rublevsky, Sergei"]
[Black "Ehlvest, Jaan"]
[Result "1-0"]
[WhiteElo "2650"]
[BlackElo "2610"]
[PlyCount "71"]
[EventDate "1997.08.19"]
[Source "www.chesslib.no"]
[SourceDate "2004.05.04"]

1. e4 c5 2. Nf3 d6 3. Bb5+ Bd7 4. Bxd7+ Qxd7 5. c4 Nc6 6. Nc3 g6 7. d4 Bg7 8. d5 Bxc3+ 9. bxc3 Na5 10. Nd2 f6 11. f4 O-O-O 12. O-O b6 13. a4 Nh6 14. Nb3 Nf7 15. Nxa5 bxa5 16. Qb3 Qb7 17. Qc2 Qd7 18. Rb1 Kc7 19. e5 fxe5 20. f5 gxf5 21. Rxf5 Rdf8 22. Qf2 Qe8 23. Qb2 Qa8 24. Qb5 Nd8 25. Rxf8 Rxf8 26. Bg5 Nf7 27. Bxe7 Rb8 28. Qxa5+ Kd7 29. Rf1 Ke8 30. Bxd6 Nxd6 31. Qc7 Rb6 32. Qg7 Kd8 33. Rf8+ Ne8 34. Qg5+ Kd7 35. Rf7+ Kc8 36. Qe7 1-0

[Event "Jugoslavija"]
[Site "?"]
[Date "2000.??.??"]
[Round "?"]
[White "Rublevsky, S."]
[Black "Motylev, A."]
[Result "0-1"]
[WhiteElo "2670"]
[BlackElo "2570"]
[PlyCount "138"]
[EventDate "2000.??.??"]
[Source "Chess Informant"]
[SourceDate "2000.06.01"]

1. e4 c5 2. Nf3 d6 3. Bb5+ Bd7 4. Bxd7+ Qxd7 5. c4 Nc6 6. Nc3 g6 7. d4 cxd4 8. Nxd4 Bg7 9. Nde2 Nf6 10. O-O Qe6 11. Nd5 Qxe4 12. Nc7+ Kd7 13. Nxa8 Qxc4 14. Nb6+ axb6 15. Nc3 e6 16. Be3 Nd5 17. Nxd5 Qxd5 18. Qc2 b5 19. Rad1 Qc4 20. Qd2 Qb4 21. Qd3 d5 22. Rc1 Qa4 23. Rfd1 b4 24. Bc5 Bxb2 25. Rb1 Bc3 26. Qf3 f5 27. Qf4 Be5 28. Qh4 Qc2 29. Bxb4 Qe4 30. Be7 Qxh4 31. Bxh4 Na5 32. f3 Rb8 33. Bf2 b5 34. Rb4 Bd6 35. Bg3 Bc5+ 36. Kf1 Rb7 37. Rh4 h5 38. Bf2 Be7 39. Rhd4 Nc4 40. Rb1 Kc6 41. f4 Bc5 42. Rd3 Ra7 43. Ra1 b4 44. Bxc5 Kxc5 45. Ke2 d4 46. Rb3 Ra4 47. Rg3 e5 48. fxe5 Nxe5 49. a3 Kd5 50. Rb3 Nc6 51. Kd3 f4 52. Kc2 g5 53. h3 g4 54. hxg4 hxg4 55. Kb2 bxa3+ 56. Rbxa3 Rxa3 57. Rxa3 Ne5 58. Kc2 f3 59. gxf3 g3 60. Ra5+ Ke6 61. Ra1 g2 62. f4 Nf3 63. Kd3 Kf5 64. Ra5+ Kxf4 65. Ra1 Kg3 66. Ke4 Nd2+ 67. Kd3 Nb3 68. Rb1 Kh2 69. Rb2 Kh1 0-1

[Event "JUG-Cup"]
[Site "Herceg Novi"]
[Date "2000.??.??"]
[Round "2"]
[White "Rublevsky, Sergei"]
[Black "Atalik, Suat"]
[Result "1/2-1/2"]
[WhiteElo "2662"]
[BlackElo "2575"]
[PlyCount "29"]
[EventDate "2000.??.??"]
[Source "www.chesslib.no"]
[SourceDate "2004.05.04"]

1. e4 c5 2. Nf3 d6 3. Bb5+ Bd7 4. Bxd7+ Qxd7 5. c4 Nf6 6. Nc3 Nc6 7. O-O g6 8. d4 cxd4 9. Nxd4 Bg7 10. Nde2 O-O 11. f3 Rfd8 12. Bg5 h6 13. Bh4 e6 14. f4 Qc7 15. Kh1 1/2-1/2

[Event "Jugoslavija"]
[Site "?"]
[Date "2000.??.??"]
[Round "?"]
[White "Rublevsky, S."]
[Black "Atalik, S."]
[Result "1/2-1/2"]
[WhiteElo "2660"]
[BlackElo "2575"]
[PlyCount "88"]
[EventDate "2000.??.??"]
[Source "Chess Informant"]
[SourceDate "2000.06.01"]

1. e4 c5 2. Nf3 d6 3. Bb5+ Bd7 4. Bxd7+ Qxd7 5. c4 Nf6 6. Nc3 Nc6 7. O-O g6 8. d4 cxd4 9. Nxd4 Bg7 10. Nde2 O-O 11. f3 Rfd8 12. Bg5 h6 13. Bh4 e6 14. f4 Qc7 15. Kh1 Qa5 16. Bxf6 Bxf6 17. f5 Bg5 18. fxe6 fxe6 19. Nf4 Bxf4 20. Rxf4 Qg5 21. Qd2 Ne5 22. Raf1 Nxc4 23. Qd4 Ne5 24. Rf6 Ng4 25. Rf7 Qe5 26. Qg1 Rf8 27. Rxf8+ Rxf8 28. Rxf8+ Kxf8 29. h3 Qg3 30. Qf1+ Qf2 31. Qd1 Ne3 32. Qxd6+ Kf7 33. Qc7+ Kf8 34. Qc8+ Kf7 35. Qxb7+ Kf8 36. Qb8+ Kf7 37. Qxa7+ Kf8 38. Qb8+ Kf7 39. Qc7+ Kf8 40. Qh2 Nf1 41. Qd6+ Kf7 42. Qc7+ Kf8 43. Qb8+ Kf7 44. h4 Ne3 1/2-1/2

[Event "Yerevan (ol)"]
[Site "?"]
[Date "1996.??.??"]
[Round "?"]
[White "Rublevsky, S."]
[Black "Huzman, A."]
[Result "1/2-1/2"]
[WhiteElo "2645"]
[BlackElo "2575"]
[PlyCount "41"]
[EventDate "1996.??.??"]
[Source "ChessBase"]
[SourceDate "1997.02.01"]

1. e4 c5 2. Nf3 d6 3. Bb5+ Bd7 4. Bxd7+ Qxd7 5. c4 Nc6 6. Nc3 Nf6 7. O-O g6 8. d4 cxd4 9. Nxd4 Bg7 10. Nde2 O-O 11. f3 a6 12. a4 Qd8 13. Kh1 Nd7 14. Rb1 Qa5 15. Nd5 e6 16. b4 Qd8 17. Ne3 Qc7 18. Bb2 a5 19. Bxg7 Kxg7 20. b5 Nb4 21. Qd4+ 1/2-1/2

[Event "Moscow RUS"]
[Site "?"]
[Date "2005.02.21"]
[Round "7"]
[White "Sadvakasov Darmen"]
[Black "Kulaots Kaido"]
[Result "1-0"]
[WhiteElo "2635"]
[BlackElo "2576"]
[PlyCount "107"]
[EventDate "2005.??.??"]
[Source "www.chesslib.no"]
[SourceDate "2004.05.04"]

1. e4 c5 2. Nf3 d6 3. Bb5+ Bd7 4. Bxd7+ Qxd7 5. c4 Nf6 6. Nc3 g6 7. d4 cxd4 8. Nxd4 Bg7 9. f3 O-O 10. Be3 Nc6 11. O-O e6 12. Qd2 Ne5 13. b3 d5 14. f4 Neg4 15. e5 Ne4 16. Nxe4 dxe4 17. h3 Nxe3 18. Qxe3 Rfd8 19. Nb5 f6 20. Qxe4 fxe5 21. fxe5 a6 22. Nd6 Bxe5 23. Qxe5 Qxd6 24. Rae1 Qxe5 25. Rxe5 Rd6 26. c5 Rc6 27. b4 Rd8 28. Rf6 Re8 29. Kf2 Rf8 30. Rxf8+ Kxf8 31. Ke3 Ke7 32. Re4 a5 33. a3 axb4 34. axb4 b6 35. Rc4 Kd7 36. Kd4 bxc5+ 37. bxc5 Ra6 38. Rc2 Ra3 39. c6+ Kc7 40. Ke5 Re3+ 41. Kf6 e5 42. Kg7 Rd3 43. Kxh7 Rd6 44. Rc5 Re6 45. Kg7 e4 46. Kf7 Kd6 47. Rc3 g5 48. g4 Rh6 49. Rc4 Rxh3 50. c7 Rh7+ 51. Kf6 Rxc7 52. Rd4+ Kc5 53. Rxe4 Kd5 54. Re8 1-0

[Event "Open"]
[Site "New York open"]
[Date "1991.??.??"]
[Round "?"]
[White "Benjamin, Joel L"]
[Black "Gurevich, Mikhail N"]
[Result "0-1"]
[WhiteElo "2555"]
[BlackElo "2650"]
[PlyCount "99"]
[EventDate "1991.??.??"]
[Source "www.chesslib.no"]
[SourceDate "2004.05.04"]

1. e4 c5 2. Nf3 d6 3. Bb5+ Bd7 4. Bxd7+ Qxd7 5. c4 Nc6 6. Nc3 g6 7. d4 cxd4 8. Nxd4 Bg7 9. Be3 Nf6 10. f3 O-O 11. O-O e6 12. Qd2 Ne5 13. b3 d5 14. exd5 exd5 15. c5 Rfd8 16. Rfd1 Rac8 17. Ndb5 Bf8 18. Nxa7 Rxc5 19. Bd4 Qf5 20. Qe3 Ned7 21. Nab5 Rcc8 22. Qd3 Qh5 23. Re1 Rc6 24. Rad1 Bg7 25. Re7 b6 26. Na7 Re6 27. Rxe6 fxe6 28. Nc6 Re8 29. Re1 Qf5 30. Qxf5 gxf5 31. Na4 e5 32. Bxb6 Nxb6 33. Nxb6 Re6 34. Nc8 Bf8 35. N8a7 Bc5+ 36. Kf1 d4 37. b4 Bxa7 38. Nxa7 e4 39. g4 e3 40. gxf5 Re8 41. Ke2 Nd5 42. Rg1+ Kf7 43. Kd3 Nf4+ 44. Kc4 d3 45. Nb5 d2 46. Nd6+ Kf8 47. f6 Re6 48. Ne4 Rxe4+ 49. fxe4 e2 50. Kc3 0-1

[Event "50th New York Masters"]
[Site "New York"]
[Date "2003.04.01"]
[Round "2"]
[White "Ehlvest, Jaan"]
[Black "Shahade, Gregory"]
[Result "1-0"]
[WhiteElo "2705"]
[BlackElo "2495"]
[PlyCount "97"]
[EventDate "2003.04.01"]
[Source "Roberto Alvarez"]
[SourceDate "2003.05.19"]

1. e4 c5 2. Nf3 d6 3. Bb5+ Bd7 4. Bxd7+ Qxd7 5. c4 Nc6 6. d4 cxd4 7. Nxd4 Nf6 8. Nc3 g6 9. f3 Bg7 10. Nde2 O-O 11. O-O Rfc8 12. Kh1 a6 13. a4 Qd8 14. Be3 Qa5 15. Rb1 Rab8 16. Qd2 Nd7 17. Rfd1 Qd8 18. b3 Qf8 19. Bg5 Bf6 20. Bxf6 Nxf6 21. Qe3 Qg7 22. Rbc1 Qf8 23. f4 Qh6 24. Nd5 Nd7 25. Qf3 Re8 26. Rb1 Rbc8 27. h3 Qg7 28. Qe3 Rb8 29. Rd2 Rbc8 30. Rbd1 Nf6 31. Nb6 Rcd8 32. Qf3 Qf8 33. c5 Nd7 34. Nxd7 Rxd7 35. e5 Red8 36. Nc3 Nb8 37. cxd6 exd6 38. Ne4 Rc7 39. Rxd6 Rxd6 40. exd6 Rc8 41. Nf6+ Kh8 42. Qxb7 Rd8 43. Kh2 Kg7 44. Qe4 Nd7 45. Nxd7 Rxd7 46. Qc6 Qe8 47. Qxa6 Qe3 48. Qc4 h5 49. Qd4+ 1-0